Statistics for French Colonies in Africa

Click here to take the quiz!

General Stats

  • This quiz has been taken 1,545 times
  • The average score is 23 of 28

Answer Stats

Answer% Correct
Algeria
98%
Mali
93%
Tunisia
93%
Morocco
92%
Senegal
92%
Niger
91%
Chad
90%
Guinea
89%
Ivory Coast
89%
Republic of the Congo
88%
Benin
87%
Mauritania
87%
Togo
86%
Gabon
85%
Madagascar
85%
Cameroon
84%
Central African Republic
84%
Burkina Faso
82%
Djibouti
80%
Comoros
78%
Libya
74%
Mauritius
72%
Seychelles
71%
Egypt
69%
Gambia
68%
Nigeria
67%
Eritrea
63%
São Tomé and Príncipe
55%

Score Distribution

Percentile by Number Answered

Percent of People with Each Score

Your Score History

You have not taken this quiz